000 00545mam a2200169 4500
082 _a519.5
_bYUL
_cL-4,P-1
100 1 _aYule, G. Udny
_939455
245 0 3 _aAn introduction to the theory of statistics
_c[by] G. Undy Yule and M. G. Kendall.
250 _a14 ed., rev. and enl.
260 _aNew York,
_bHafner Pub. Co.,
_c1950.
300 _axxiv, 701 p.
_bdiagrs., tables.
_c24 cm.
526 _a0
_b0
_c0
_d519_500000000000000_YUL
650 0 _aMCE
_9379
650 0 _aStatistics.
_969
700 1 _aKendall, Maurice G.
_939456
942 _2ddc
_cBK
999 _c543949
_d543949